<?xml version="1.0" encoding="UTF-8"?>
<record
    xmlns:xsi="http://www.w3.org/2001/XMLSchema-instance"
    xsi:schemaLocation="http://www.loc.gov/MARC21/slim http://www.loc.gov/standards/marcxml/schema/MARC21slim.xsd"
    xmlns="http://www.loc.gov/MARC21/slim">

  <leader>00446nam a22001457a 4500</leader>
  <controlfield tag="005">20150904092858.0</controlfield>
  <controlfield tag="008">150904b        xxu||||| |||| 00| 0 eng d</controlfield>
  <datafield tag="040" ind1=" " ind2=" ">
    <subfield code="c">PK-LaUMT</subfield>
  </datafield>
  <datafield tag="082" ind1=" " ind2=" ">
    <subfield code="a">KHC 297.9925</subfield>
    <subfield code="b">MUH-H</subfield>
  </datafield>
  <datafield tag="100" ind1=" " ind2=" ">
    <subfield code="a">&#x645;&#x62D;&#x645;&#x62F; &#x635;&#x627;&#x62F;&#x642; &#x642;&#x635;&#x648;&#x631;&#x6CC;</subfield>
  </datafield>
  <datafield tag="245" ind1=" " ind2=" ">
    <subfield code="a">&#x62D;&#x636;&#x631;&#x62A; &#x627;&#x645;&#x6CC;&#x631; &#x645;&#x644;&#x62A; &#x627;&#x648;&#x631; &#x627;&#x646;&#x6A9;&#x6D2; &#x62E;&#x644;&#x641;&#x627;</subfield>
    <subfield code="c">&#x645;&#x62D;&#x645;&#x62F; &#x635;&#x627;&#x62F;&#x642; &#x642;&#x635;&#x648;&#x631;&#x6CC;</subfield>
  </datafield>
  <datafield tag="260" ind1=" " ind2=" ">
    <subfield code="a">&#x633;&#x6CC;&#x627;&#x644;&#x6A9;&#x648;&#x679;</subfield>
    <subfield code="b">&#x645;&#x6A9;&#x62A;&#x628;&#x6C1; &#x646;&#x639;&#x645;&#x627;&#x646;&#x6CC;&#x6C1; </subfield>
    <subfield code="c">1977</subfield>
  </datafield>
  <datafield tag="300" ind1=" " ind2=" ">
    <subfield code="a">296 &#x635;</subfield>
  </datafield>
  <datafield tag="942" ind1=" " ind2=" ">
    <subfield code="c">BK</subfield>
  </datafield>
  <datafield tag="999" ind1=" " ind2=" ">
    <subfield code="c">75410</subfield>
    <subfield code="d">75410</subfield>
  </datafield>
  <datafield tag="952" ind1=" " ind2=" ">
    <subfield code="0">0</subfield>
    <subfield code="1">0</subfield>
    <subfield code="4">0</subfield>
    <subfield code="7">0</subfield>
    <subfield code="a">01</subfield>
    <subfield code="b">01</subfield>
    <subfield code="d">2015-09-04</subfield>
    <subfield code="l">0</subfield>
    <subfield code="o">KHC 297.9925 MUH-H</subfield>
    <subfield code="p">68951</subfield>
    <subfield code="r">2015-09-04 00:00:00</subfield>
    <subfield code="w">2015-09-04</subfield>
    <subfield code="y">BK</subfield>
  </datafield>
</record>
